[Event "Tradewise Gibraltar Masters 14th"]
[Site "Gibraltar"]
[Date "2016.02.02"]
[Round "8.27"]
[White "Kelires, Andreas"]
[Black "Perez Ponsa, Federico"]
[Result "0-1"]
[WhiteElo "2444"]
[BlackElo "2577"]
[PlyCount "69"]
[EventDate "2016.01.26"]
[EventType "swiss"]
[EventRounds "10"]
[EventCountry "GGB"]
[Source "www.saund.co.uk"]
[SourceDate "2005.02.07"]

1. d4 Nf6 2. c4 g6 3. Nc3 Bg7 4. e4 d6 5. f3 O-O 6. Be3 c5 7. Nge2 Nc6 8. d5
Ne5 9. Ng3 h5 10. Be2 h4 11. Nf1 e6 12. Nd2 exd5 13. cxd5 h3 14. g3 a6 15. a4
Bd7 16. a5 b5 17. axb6 Qxb6 18. Ra2 Qb4 19. O-O Bb5 20. g4 Rfb8 21. g5 Nh5 22.
Nxb5 axb5 23. Rxa8 Rxa8 24. f4 Nc4 25. Nxc4 bxc4 26. Qc2 Ra2 27. e5 c3 28. exd6
Rxb2 29. Qd3 c4 30. Qxc4 Qxd6 31. Bf3 c2 32. Qc8+ Bf8 33. Be4 Qe7 34. Qc4 Rb4
35. d6 0-1

[Event "Tradewise Gibraltar Masters 14th"]
[Site "Gibraltar"]
[Date "2016.02.02"]
[Round "8.28"]
[White "Vazquez Igarza, Renier"]
[Black "Tan, Justin"]
[Result "1-0"]
[WhiteElo "2572"]
[BlackElo "2446"]
[PlyCount "81"]
[EventDate "2016.01.26"]
[EventType "swiss"]
[EventRounds "10"]
[EventCountry "GGB"]
[Source "www.saund.co.uk"]
[SourceDate "2005.02.07"]

1. Nf3 d5 2. d4 Nf6 3. c4 c6 4. e3 e6 5. Nbd2 c5 6. cxd5 Nxd5 7. Be2 Nc6 8. Nb3
cxd4 9. Nbxd4 Bb4+ 10. Bd2 Nxd4 11. Nxd4 O-O 12. O-O Qe7 13. Nf3 Rd8 14. Bxb4
Nxb4 15. Qb3 b6 16. a3 Nd5 17. Rac1 Bb7 18. Rc2 Rac8 19. Rfc1 h6 20. Qa4 Rxc2
21. Rxc2 a6 22. h3 Qd7 23. Qd4 Rc8 24. Ne5 Qd8 25. Rxc8 Qxc8 26. e4 Nf6 27. f3
b5 28. Kf2 Qc7 29. b4 Kf8 30. Bd1 Ke7 31. Nd3 g5 32. a4 Nd7 33. axb5 axb5 34.
Qg7 Qd6 35. Qc3 e5 36. Be2 Qd4+ 37. Qxd4 exd4 38. Nc1 Kd6 39. Bxb5 Nf8 40. Nb3
Ke5 41. Na5 1-0

[Event "Tradewise Gibraltar Masters 14th"]
[Site "Gibraltar"]
[Date "2016.02.02"]
[Round "8.29"]
[White "Shytaj, Luca"]
[Black "Donchenko, Alexander"]
[Result "1-0"]
[WhiteElo "2443"]
[BlackElo "2570"]
[PlyCount "51"]
[EventDate "2016.01.26"]
[EventType "swiss"]
[EventRounds "10"]
[EventCountry "GGB"]
[Source "www.saund.co.uk"]
[SourceDate "2005.02.07"]

1. e4 c6 2. d4 d5 3. Nc3 dxe4 4. Nxe4 Bf5 5. Ng3 Bg6 6. h4 h6 7. Nf3 Nd7 8. h5
Bh7 9. Bd3 Bxd3 10. Qxd3 e6 11. Bd2 Ngf6 12. O-O-O Be7 13. Qe2 c5 14. Rhe1 cxd4
15. Nxd4 O-O 16. Ndf5 Bc5 17. Nxh6+ gxh6 18. Bxh6 Re8 19. Rxd7 Qxd7 20. Qe5 Qd5
21. Qxf6 Bd4 22. Ne4 Rad8 23. Qg5+ Kh7 24. Nf6+ Bxf6 25. Qxf6 Qxg2 26. Bg5 1-0

[Event "Tradewise Gibraltar Masters 14th"]
[Site "Gibraltar"]
[Date "2016.02.02"]
[Round "8.30"]
[White "Akesson, Ralf"]
[Black "Kosteniuk, Alexandra"]
[Result "0-1"]
[WhiteElo "2435"]
[BlackElo "2550"]
[PlyCount "100"]
[EventDate "2016.01.26"]
[EventType "swiss"]
[EventRounds "10"]
[EventCountry "GGB"]
[Source "www.saund.co.uk"]
[SourceDate "2005.02.07"]

1. d4 Nf6 2. c4 e6 3. Nf3 b6 4. g3 Bb7 5. Bg2 Be7 6. O-O O-O 7. Re1 d5 8. cxd5
exd5 9. Nc3 c5 10. Bf4 Na6 11. Rc1 Ne4 12. dxc5 Naxc5 13. Be5 Ne6 14. a3 Rc8
15. e3 Qe8 16. Nd4 Nxc3 17. Rxc3 Rxc3 18. bxc3 Nxd4 19. Bxd4 Qd7 20. Qa1 Rc8
21. c4 dxc4 22. Bxb7 Qxb7 23. Bxg7 Qc6 24. Bc3 Rd8 25. Bd4 Rd5 26. Qd1 h5 27.
Qf3 Bxa3 28. Qe4 Qe6 29. Qb1 Bf8 30. Rc1 b5 31. Bxa7 h4 32. Bd4 Qg4 33. Rf1 Qf3
34. gxh4 Bd6 35. Qd1 Qxd1 36. Rxd1 b4 37. Re1 Rxd4 38. exd4 b3 39. Rb1 Bf4 40.
Kf1 c3 41. Rxb3 c2 42. Rc3 c1=Q+ 43. Rxc1 Bxc1 44. Ke2 Kg7 45. Kd3 Bf4 46. h3
Kg6 47. Ke4 Bc7 48. f3 Kh5 49. Kd5 Kxh4 50. Kc6 Ba5 0-1

[Event "Tradewise Gibraltar Masters 14th"]
[Site "Gibraltar"]
[Date "2016.02.02"]
[Round "8.31"]
[White "Almagro Llamas, Pablo"]
[Black "Demuth, Adrien"]
[Result "1/2-1/2"]
[WhiteElo "2429"]
[BlackElo "2535"]
[PlyCount "149"]
[EventDate "2016.01.26"]
[EventType "swiss"]
[EventRounds "10"]
[EventCountry "GGB"]
[Source "www.saund.co.uk"]
[SourceDate "2005.02.07"]

1. Nf3 c5 2. c4 Nf6 3. Nc3 e6 4. d4 cxd4 5. Nxd4 Nc6 6. e3 d5 7. cxd5 exd5 8.
Be2 Bd6 9. O-O a6 10. Nxc6 bxc6 11. Bf3 O-O 12. b3 Re8 13. Bb2 Bb8 14. Rc1 Qd6
15. g3 Ba7 16. Re1 Bh3 17. Ne2 Ne4 18. Nf4 Bf5 19. Bg4 Bxg4 20. Qxg4 f6 21. Kg2
Re7 22. h4 Rae8 23. Rc2 d4 24. Rd1 c5 25. exd4 cxd4 26. Qe2 Rd8 27. Qc4+ Kf8
28. Re2 g5 29. hxg5 Nxg5 30. Rde1 Rde8 31. Rxe7 Rxe7 32. Qc8+ Kg7 33. Nh5+ Kf7
34. Qc4+ Kg6 35. Nf4+ Kg7 36. Nh5+ Kg6 37. Qd3+ Kh6 38. Rxe7 Qxe7 39. Nf4 Qe4+
40. Qxe4 Nxe4 41. Kf3 Nc3 42. a4 Kg5 43. Ba3 Kf5 44. Bd6 h5 45. Bb4 Ne4 46. Nd3
Ng5+ 47. Ke2 Ne6 48. f3 Bb8 49. Be1 Nc7 50. Nb4 Ba7 51. Nc6 Bb6 52. a5 Bc5 53.
b4 Bd6 54. Kd3 Ke6 55. Nxd4+ Kd5 56. Nf5 Bf8 57. Bc3 Nb5 58. Bd2 Ke5 59. Ne3
Ke6 60. Be1 f5 61. f4 Be7 62. Nc4 Kd5 63. Nb6+ Kc6 64. Nc4 Kd5 65. Nb2 Nd4 66.
Nd1 Nb5 67. Bc3 Ke6 68. Ne3 h4 69. gxh4 Bxh4 70. Kc4 Be7 71. Bb2 Nd6+ 72. Kc5
Nc8+ 73. Kc4 Nd6+ 74. Kd3 Nb7 75. Kc4 1/2-1/2

[Event "Tradewise Gibraltar Masters 14th"]
[Site "Gibraltar"]
[Date "2016.02.02"]
[Round "8.32"]
[White "Hauge, Lars Oskar"]
[Black "Handke, Florian"]
[Result "1/2-1/2"]
[WhiteElo "2388"]
[BlackElo "2533"]
[PlyCount "91"]
[EventDate "2016.01.26"]
[EventType "swiss"]
[EventRounds "10"]
[EventCountry "GGB"]
[Source "www.saund.co.uk"]
[SourceDate "2005.02.07"]

1. d4 Nf6 2. Bg5 c5 3. d5 Ne4 4. Bf4 e6 5. f3 Bd6 6. Bxd6 Nxd6 7. e4 O-O 8. Nc3
e5 9. Qd2 c4 10. Nh3 b5 11. a4 bxa4 12. Nf2 Na6 13. Ng4 f5 14. exf5 Rxf5 15.
Ne3 Rf4 16. Ne2 Rf8 17. Ng3 Qh4 18. Be2 Nc5 19. Qc3 Ba6 20. Qxe5 Rf6 21. Ng4
Rg6 22. O-O Re8 23. Qd4 Rc8 24. Rfe1 Qd8 25. Bf1 Nb5 26. Qe3 c3 27. bxc3 Qg5
28. f4 Qxg4 29. Be2 Qh4 30. Nf5 Qd8 31. Ne7+ Kf8 32. Nxc8 Qxc8 33. Bh5 Kg8 34.
Qe8+ Qxe8 35. Rxe8+ Kf7 36. Rae1 Nd6 37. Rh8 Bc4 38. g4 a3 39. f5 a2 40. Kf2
Nce4+ 41. Ke3 Nxc3 42. Ra1 Nxd5+ 43. Kd4 Nb4 44. Kc3 Nd5+ 45. Kd4 Nb4 46. Kc3
1/2-1/2

[Event "Tradewise Gibraltar Masters 14th"]
[Site "Gibraltar"]
[Date "2016.02.02"]
[Round "8.33"]
[White "Kavutskiy, Konstantin"]
[Black "Gopal, Geetha Narayanan"]
[Result "1/2-1/2"]
[WhiteElo "2360"]
[BlackElo "2525"]
[PlyCount "68"]
[EventDate "2016.01.26"]
[EventType "swiss"]
[EventRounds "10"]
[EventCountry "GGB"]
[Source "www.saund.co.uk"]
[SourceDate "2005.02.07"]

1. d4 Nf6 2. c4 g6 3. Nc3 d5 4. cxd5 Nxd5 5. e4 Nxc3 6. bxc3 Bg7 7. Nf3 c5 8.
Be3 Qa5 9. Nd2 Nd7 10. Qc2 O-O 11. Be2 Qc7 12. Rc1 b6 13. O-O Nf6 14. f3 Rd8
15. Nb3 e5 16. dxc5 Be6 17. Rfd1 Rxd1+ 18. Rxd1 Bf8 19. cxb6 axb6 20. Bb5 Nd7
21. c4 Nc5 22. Qf2 Ra3 23. Bxc5 Bxc5 24. Nxc5 Qxc5 25. Qxc5 bxc5 26. Ra1 Kf8
27. Kf2 Ke7 28. Ke2 Kd6 29. Kd2 Kc7 30. Kc2 Kb6 31. Kb2 Rd3 32. Kc2 Ra3 33. Kb2
Rd3 34. Kc2 Ra3 1/2-1/2

[Event "Tradewise Gibraltar Masters 14th"]
[Site "Gibraltar"]
[Date "2016.02.02"]
[Round "8.34"]
[White "Wemmers, Xander"]
[Black "Vishnu, Prasanna. V"]
[Result "1-0"]
[WhiteElo "2352"]
[BlackElo "2518"]
[PlyCount "91"]
[EventDate "2016.01.26"]
[EventType "swiss"]
[EventRounds "10"]
[EventCountry "GGB"]
[Source "www.saund.co.uk"]
[SourceDate "2005.02.07"]

1. d4 Nf6 2. c4 e6 3. Nc3 Bb4 4. e3 O-O 5. Bd3 d5 6. Nge2 dxc4 7. Bxc4 e5 8.
O-O Nbd7 9. Bb3 c6 10. h3 Ba5 11. a3 Qe7 12. Bd2 Rd8 13. Qc2 Bc7 14. Rac1 exd4
15. exd4 Nf8 16. d5 Ng6 17. Rfe1 Qd6 18. Ng3 Bb6 19. Nce4 Nxe4 20. Nxe4 Bf5 21.
Nxd6 Bxc2 22. Rxc2 Rxd6 23. dxc6 bxc6 24. Bb4 Rf6 25. Bc3 Rd6 26. Rce2 Rdd8 27.
Re4 Kf8 28. h4 h5 29. g3 Rd3 30. Kg2 Rad8 31. Ba4 Kg8 32. Bxc6 Nf8 33. Bb5 R3d6
34. Re8 Rxe8 35. Rxe8 Rd8 36. Re7 Ne6 37. Bc4 Rd6 38. Bb4 Rc6 39. Bd5 Rc1 40.
Re8+ Kh7 41. Bc3 Bd4 42. Bxd4 Nxd4 43. Bxf7 Rc2 44. Re4 Nf5 45. Re6 Nd4 46. Rd6
1-0

[Event "Tradewise Gibraltar Masters 14th"]
[Site "Gibraltar"]
[Date "2016.02.02"]
[Round "8.35"]
[White "Pichot, Alan"]
[Black "Siva, Mahadevan"]
[Result "1-0"]
[WhiteElo "2517"]
[BlackElo "2370"]
[PlyCount "99"]
[EventDate "2016.01.26"]
[EventType "swiss"]
[EventRounds "10"]
[EventCountry "GGB"]
[Source "www.saund.co.uk"]
[SourceDate "2005.02.07"]

1. e4 c5 2. Nf3 d6 3. d4 cxd4 4. Nxd4 Nf6 5. Nc3 Nc6 6. Bc4 Qb6 7. Nb3 e6 8.
Bf4 Ne5 9. Be2 Bd7 10. Qd2 a6 11. O-O-O Rc8 12. g4 Nexg4 13. Bxg4 Nxg4 14. f3
Nf6 15. Bxd6 Qxd6 16. Qxd6 Bxd6 17. Rxd6 Rc6 18. Rhd1 Rxd6 19. Rxd6 Kd8 20. e5
Kc7 21. Rd4 Nh5 22. Na5 b6 23. Rc4+ Kb8 24. Rh4 g6 25. Nc4 b5 26. Nd6 Rf8 27.
Nce4 f6 28. f4 fxe5 29. fxe5 Kc7 30. b4 Bc6 31. Nc5 Rf1+ 32. Kd2 Bd5 33. Rh3
Rf2+ 34. Kc1 Re2 35. Nxa6+ Kd7 36. Nc5+ Ke7 37. Nxb5 Rxe5 38. a4 Nf6 39. a5 h5
40. a6 g5 41. a7 g4 42. Rd3 Re1+ 43. Kb2 Bh1 44. Nd6 Ba8 45. Nc8+ Ke8 46. Nb6
Bc6 47. b5 Bg2 48. Nd5 Bxd5 49. Rxd5 Nxd5 50. a8=Q+ 1-0

[Event "Tradewise Gibraltar Masters 14th"]
[Site "Gibraltar"]
[Date "2016.02.02"]
[Round "8.37"]
[White "Naiditsch, Arkadij"]
[Black "Neef, Maximilian"]
[Result "1-0"]
[WhiteElo "2696"]
[BlackElo "2423"]
[PlyCount "79"]
[EventDate "2016.01.26"]
[EventType "swiss"]
[EventRounds "10"]
[EventCountry "GGB"]
[Source "www.saund.co.uk"]
[SourceDate "2005.02.07"]

1. g3 g6 2. Bg2 Bg7 3. e4 c5 4. Ne2 Nc6 5. O-O e6 6. c4 Nge7 7. Nbc3 d6 8. d3
O-O 9. Rb1 Rb8 10. Be3 Nd4 11. b4 b6 12. a4 Bb7 13. Qd2 Qd7 14. Bh6 Nec6 15.
Bxg7 Kxg7 16. b5 Ne7 17. a5 Nxe2+ 18. Qxe2 bxa5 19. Rb3 a6 20. Qb2 Bc8 21. Ra1
axb5 22. cxb5 Qd8 23. b6 e5 24. b7 Be6 25. Rb6 Qd7 26. Qb5 Rfd8 27. Rxa5 Qc7
28. Qa6 Bd7 29. Nb5 Bxb5 30. Qxb5 Qd7 31. Bf3 Qxb5 32. Raxb5 Rd7 33. Bd1 Rc7
34. Bb3 Rc6 35. Bc4 Kf8 36. Rb1 Rc7 37. f4 Nc6 38. Bd5 Nb4 39. Ra1 Rd7 40. Ra8
1-0

[Event "Tradewise Gibraltar Masters 14th"]
[Site "Gibraltar"]
[Date "2016.02.02"]
[Round "8.38"]
[White "Codenotti, Marco"]
[Black "Ganguly, Surya Shekhar"]
[Result "0-1"]
[WhiteElo "2406"]
[BlackElo "2660"]
[PlyCount "60"]
[EventDate "2016.01.26"]
[EventType "swiss"]
[EventRounds "10"]
[EventCountry "GGB"]
[Source "www.saund.co.uk"]
[SourceDate "2005.02.07"]

1. e4 c5 2. Nf3 e6 3. c3 Nf6 4. e5 Nd5 5. Bc4 b6 6. Bxd5 exd5 7. d4 d6 8. O-O
Be7 9. exd6 Qxd6 10. Bg5 f6 11. Be3 Bg4 12. Qa4+ Qc6 13. Qxc6+ Nxc6 14. Nbd2 g5
15. c4 cxd4 16. Nxd4 Nxd4 17. Bxd4 Rd8 18. Rae1 Kf7 19. f4 Bb4 20. fxg5 Bxd2
21. g6+ Kxg6 22. Rxf6+ Kh5 23. Re5+ Bg5 24. h3 Rhe8 25. hxg4+ Kxg4 26. Rc6 Rxe5
27. Bxe5 Re8 28. Bc3 Be3+ 29. Kf1 d4 30. Bb4 a5 0-1

[Event "Tradewise Gibraltar Masters 14th"]
[Site "Gibraltar"]
[Date "2016.02.02"]
[Round "8.39"]
[White "Kuipers, Stefan"]
[Black "Erdos, Viktor"]
[Result "1/2-1/2"]
[WhiteElo "2399"]
[BlackElo "2613"]
[PlyCount "89"]
[EventDate "2016.01.26"]
[EventType "swiss"]
[EventRounds "10"]
[EventCountry "GGB"]
[Source "www.saund.co.uk"]
[SourceDate "2005.02.07"]

1. e4 c5 2. Nf3 a6 3. c3 e6 4. d4 d5 5. exd5 exd5 6. Bd3 c4 7. Bc2 Bd6 8. b3
cxb3 9. axb3 Ne7 10. O-O Bg4 11. Re1 Qc7 12. h3 Bh5 13. Na3 Qd7 14. Qe2 Nbc6
15. Nb5 Bb8 16. g4 Bg6 17. Ne5 Bxe5 18. dxe5 O-O 19. Nd4 Nxd4 20. cxd4 Rac8 21.
Bxg6 Nxg6 22. Qd3 Rc6 23. Bd2 f5 24. gxf5 Rxf5 25. Rac1 Rxc1 26. Bxc1 Qe6 27.
Qg3 Ne7 28. Be3 Rf8 29. Rc1 Nf5 30. Qg4 Rc8 31. Rxc8+ Qxc8 32. h4 Qe6 33. h5
Kf7 34. Qf3 Ke8 35. Qg4 g6 36. h6 Kd7 37. Qe2 Qe7 38. Qc2 Qf8 39. Qc3 Nh4 40.
Kf1 Qf5 41. Ke2 b6 42. Qb4 Qc2+ 43. Bd2 Qe4+ 44. Be3 Qc2+ 45. Bd2 1/2-1/2

[Event "Tradewise Gibraltar Masters 14th"]
[Site "Gibraltar"]
[Date "2016.02.02"]
[Round "8.40"]
[White "Oparin, Grigoriy"]
[Black "Docx, Stefan"]
[Result "1-0"]
[WhiteElo "2565"]
[BlackElo "2416"]
[PlyCount "179"]
[EventDate "2016.01.26"]
[EventType "swiss"]
[EventRounds "10"]
[EventCountry "GGB"]
[Source "www.saund.co.uk"]
[SourceDate "2005.02.07"]

1. e4 c5 2. Nf3 d6 3. d4 cxd4 4. Nxd4 Nf6 5. Nc3 a6 6. h3 e6 7. g4 Nfd7 8. g5
b5 9. a3 Bb7 10. Be3 Be7 11. h4 Nc6 12. Nxc6 Bxc6 13. Qd4 O-O 14. O-O-O Rb8 15.
h5 e5 16. Qd2 b4 17. axb4 Rxb4 18. Nd5 Ra4 19. Kb1 Bxd5 20. Qxd5 Nc5 21. Bc4
Bxg5 22. Bxg5 Qxg5 23. h6 g6 24. f3 Rb4 25. Qxd6 Rxc4 26. Qd5 Nxe4 27. Qxc4
Nd2+ 28. Rxd2 Qxd2 29. Qxa6 Qf4 30. Qc6 Rb8 31. Qd6 Ra8 32. Qc6 Rb8 33. Qc3 Rd8
34. b3 Rb8 35. Kb2 Rf8 36. Qc5 Rb8 37. Qd6 Rc8 38. Qd7 Rb8 39. Qd5 Rc8 40. Qd3
Rb8 41. c3 Qg5 42. Rh2 Rd8 43. Qe2 Qf4 44. b4 Rc8 45. Rh1 Qf6 46. Qe3 Qd6 47.
Ra1 Rb8 48. Ra5 f6 49. Ra7 Rc8 50. Qe2 Kh8 51. Ra6 Qd5 52. Ra5 Qd6 53. Ra6 Qd5
54. Rxf6 Ra8 55. Ra6 Rxa6 56. Qxa6 Qd2+ 57. Ka3 Qxh6 58. Qf6+ Kg8 59. Qxe5 Qc1+
60. Kb3 Qd1+ 61. Kc4 h5 62. b5 h4 63. Qe8+ Kg7 64. Qe7+ Kg8 65. Qe8+ Kg7 66.
Qe7+ Kg8 67. b6 Qf1+ 68. Kc5 Qxf3 69. b7 Qxc3+ 70. Kb5 Qd3+ 71. Kc6 Qa6+ 72.
Kc7 Qc4+ 73. Kd8 Qd5+ 74. Kc8 Qc6+ 75. Qc7 Qe6+ 76. Qd7 Qa6 77. Qd8+ Kf7 78.
Qd5+ Kg7 79. Kc7 Qa7 80. Kc8 Qa6 81. Kc7 Qa7 82. Qe5+ Kh6 83. Qb5 h3 84. Qb6
Qa3 85. b8=Q Qe7+ 86. Kc6 Qe4+ 87. Kd7 Qd5+ 88. Q8d6 Qf5+ 89. Qe6 Qd3+ 90. Ke8
1-0

[Event "Tradewise Gibraltar Masters 14th"]
[Site "Gibraltar"]
[Date "2016.02.02"]
[Round "8.41"]
[White "Muzychuk, Anna"]
[Black "Vogt, Lothar"]
[Result "1-0"]
[WhiteElo "2537"]
[BlackElo "2409"]
[PlyCount "79"]
[EventDate "2016.01.26"]
[EventType "swiss"]
[EventRounds "10"]
[EventCountry "GGB"]
[Source "www.saund.co.uk"]
[SourceDate "2005.02.07"]

1. e4 c5 2. Nf3 Nc6 3. d4 cxd4 4. Nxd4 g6 5. c4 Nf6 6. Nc3 Nxd4 7. Qxd4 d6 8.
Be2 Bg7 9. Be3 O-O 10. Qd2 Be6 11. O-O Qa5 12. b3 a6 13. Rab1 Rfc8 14. Rfc1
Rab8 15. f3 Bd7 16. c5 Ne8 17. b4 Qd8 18. Nd5 Be6 19. Nb6 Rc6 20. Rd1 Qc7 21.
Nd5 Qd8 22. Nb6 Qc7 23. Bf4 Rd8 24. a4 Kf8 25. a5 Qb8 26. Qe3 Ba2 27. Rbc1 e5
28. Bg5 f6 29. b5 axb5 30. Bxb5 Rxb6 31. cxb6 fxg5 32. Bxe8 Kxe8 33. Rc7 Bf8
34. Qa3 Be6 35. a6 bxa6 36. Qxa6 Bc8 37. Qa7 Be6 38. Rdc1 d5 39. R1c6 Bd7 40.
Rxd7 1-0

[Event "Tradewise Gibraltar Masters 14th"]
[Site "Gibraltar"]
[Date "2016.02.02"]
[Round "8.42"]
[White "Cramling, Pia"]
[Black "Khademalsharieh, Sarasadat"]
[Result "0-1"]
[WhiteElo "2523"]
[BlackElo "2392"]
[PlyCount "119"]
[EventDate "2016.01.26"]
[EventType "swiss"]
[EventRounds "10"]
[EventCountry "GGB"]
[Source "www.saund.co.uk"]
[SourceDate "2005.02.07"]

1. Nf3 Nf6 2. c4 e6 3. g3 d5 4. Bg2 d4 5. O-O c5 6. e3 Nc6 7. exd4 cxd4 8. d3
Be7 9. Re1 O-O 10. Na3 Re8 11. Nc2 a5 12. a3 Bf8 13. Bg5 h6 14. Bxf6 Qxf6 15.
Rb1 a4 16. b4 axb3 17. Rxb3 e5 18. Nd2 Qg6 19. Qe2 Bg4 20. Qf1 Bf5 21. Ne4 Ra7
22. Rb5 Bc8 23. c5 Ra5 24. Reb1 Rxb5 25. Rxb5 f5 26. Nd2 e4 27. dxe4 fxe4 28.
Nxd4 Nxd4 29. Qc4+ Ne6 30. Bxe4 Qf7 31. Bd5 Rd8 32. Ne4 Qd7 33. Nd6 Bxd6 34.
Rb6 Qf7 35. cxd6 Re8 36. a4 Kh8 37. a5 Qf6 38. Qb5 Rf8 39. Qb2 Qf5 40. Bxb7
Bxb7 41. Rxb7 Qxa5 42. Rb8 Rxb8 43. Qxb8+ Qd8 44. Qb4 Ng5 45. h4 Nf7 46. Qb3
Nxd6 47. Qe3 Qe8 48. Qc5 Qe6 49. Qb6 Qe1+ 50. Kg2 Qe4+ 51. Kg1 Nf7 52. Qc7 Ne5
53. Qd6 Kh7 54. Qf8 Nf3+ 55. Kf1 Nd2+ 56. Kg1 Qf3 57. Qc5 Qd1+ 58. Kh2 Nf3+ 59.
Kg2 Ne1+ 60. Kh3 0-1

[Event "Tradewise Gibraltar Masters 14th"]
[Site "Gibraltar"]
[Date "2016.02.02"]
[Round "8.43"]
[White "Shvayger, Yuliya"]
[Black "Sundararajan, Kidambi"]
[Result "1-0"]
[WhiteElo "2381"]
[BlackElo "2508"]
[PlyCount "163"]
[EventDate "2016.01.26"]
[EventType "swiss"]
[EventRounds "10"]
[EventCountry "GGB"]
[Source "www.saund.co.uk"]
[SourceDate "2005.02.07"]

1. e4 e5 2. Nf3 Nc6 3. Nc3 Nf6 4. Bb5 Bd6 5. d3 a6 6. Bc4 O-O 7. g4 Na5 8. g5
Ne8 9. Be3 Bb4 10. Nxe5 Nxc4 11. Nxc4 d5 12. exd5 Qxd5 13. Rg1 Be6 14. Qd2 Qf3
15. Ne5 Qh5 16. a3 Qxh2 17. Nf3 Qh5 18. Nd4 Bd6 19. Nxe6 fxe6 20. Qe2 Qxe2+ 21.
Kxe2 Be5 22. d4 Bd6 23. Rg4 g6 24. Ne4 Be7 25. Bf4 Ng7 26. Be5 Nf5 27. c3 Rac8
28. Rd1 b6 29. f4 Nd6 30. Kf3 Nxe4 31. Kxe4 Rfd8 32. c4 c6 33. Rg3 Rd7 34. Rgd3
Kf7 35. Rh1 Kg8 36. Rhd1 Kf7 37. Rc1 Kg8 38. Rb3 Bd8 39. Rd3 Be7 40. Rcc3 Kf7
41. Rh3 h5 42. gxh6 Bf6 43. h7 Rh8 44. Rcg3 Bxe5 45. Kxe5 Kg7 46. Rd3 b5 47. b3
a5 48. a4 b4 49. Rd1 Rdd8 50. Ke4 Kf6 51. Rg1 Rd7 52. Rg5 Rdxh7 53. Rxh7 Rxh7
54. Rxa5 Rh3 55. Rc5 Rxb3 56. Rxc6 Ke7 57. Rb6 Rb1 58. a5 Ra1 59. Rxb4 Rxa5 60.
Rb7+ Kf6 61. Rb6 Ke7 62. d5 exd5+ 63. cxd5 Kf7 64. Ke5 Ra7 65. Rf6+ Kg7 66. f5
gxf5 67. Rxf5 Ra1 68. Ke6 Re1+ 69. Kd7 Rd1 70. d6 Kg6 71. Rf2 Kg7 72. Ke7 Re1+
73. Kd8 Rd1 74. Kd7 Kg6 75. Ke7 Re1+ 76. Kd8 Rd1 77. d7 Rc1 78. Ke8 Re1+ 79.
Kf8 Rd1 80. Rf7 Rd2 81. Ke8 Rd1 82. Re7 1-0

[Event "Tradewise Gibraltar Masters 14th"]
[Site "Gibraltar"]
[Date "2016.02.02"]
[Round "8.44"]
[White "Bai, Jinshi"]
[Black "Gaponenko, Inna"]
[Result "1/2-1/2"]
[WhiteElo "2507"]
[BlackElo "2393"]
[PlyCount "182"]
[EventDate "2016.01.26"]
[EventType "swiss"]
[EventRounds "10"]
[EventCountry "GGB"]
[Source "www.saund.co.uk"]
[SourceDate "2005.02.07"]

1. Nf3 Nf6 2. c4 e6 3. g3 d5 4. Bg2 dxc4 5. Qa4+ Nbd7 6. Qxc4 c5 7. O-O a6 8.
Qb3 Rb8 9. a4 b5 10. d3 Bd6 11. axb5 axb5 12. Nc3 O-O 13. Nd2 Bb7 14. Bxb7 Rxb7
15. Nde4 Be5 16. Be3 Qc7 17. Qc2 Ng4 18. Bd2 c4 19. Rac1 Ngf6 20. Ng5 Nc5 21.
Be3 cxd3 22. exd3 Na4 23. d4 Bd6 24. Nce4 Qxc2 25. Rxc2 Be7 26. Nxf6+ gxf6 27.
Nf3 Nb6 28. Rfc1 Nd5 29. Bh6 Rd8 30. Ne1 Bd6 31. Nd3 Rc7 32. Rxc7 Nxc7 33. g4
Nd5 34. Kg2 Bf8 35. Bxf8 Kxf8 36. Kf3 Nb6 37. Ke3 Nc4+ 38. Ke2 Nd6 39. Ke3 Nc4+
40. Ke4 Nd6+ 41. Kf3 Nc4 42. Ke4 f5+ 43. gxf5 Nd6+ 44. Ke5 Nxf5 45. Nf4 Nxd4
46. Rc7 Kg7 47. Ke4 Kf6 48. h4 Nf5 49. Nh5+ Kg6 50. Nf4+ Kf6 51. Nh5+ Kg6 52.
Nf4+ Kh6 53. h5 Kg5 54. Kf3 Rd4 55. Ng2 Kf6 56. Ne3 Nxe3 57. Kxe3 Rb4 58. Rc2
Kg5 59. Rc7 Rb3+ 60. Ke4 Kf6 61. Rc2 h6 62. f4 Rb4+ 63. Kf3 e5 64. Rc6+ Kf5 65.
fxe5 Rb3+ 66. Ke2 Rxb2+ 67. Kd3 Kxe5 68. Rxh6 f6 69. Rh8 Rb3+ 70. Ke2 Kf4 71.
h6 Rb2+ 72. Ke1 Rh2 73. h7 f5 74. Rb8 Rxh7 75. Rxb5 Rh6 76. Kf2 Rh2+ 77. Kg1
Rd2 78. Rb3 Ke4 79. Rb4+ Ke3 80. Rb3+ Kf4 81. Rb4+ Kf3 82. Rb3+ Ke2 83. Kg2 f4
84. Rf3 Rd4 85. Ra3 Rd8 86. Ra2+ Ke3 87. Ra3+ Ke4 88. Ra4+ Kf5 89. Ra7 Rd2+ 90.
Kf3 Rd3+ 91. Kf2 Rd2+ 1/2-1/2

[Event "Tradewise Gibraltar Masters 14th"]
[Site "Gibraltar"]
[Date "2016.02.02"]
[Round "8.45"]
[White "Gulamali, Kazim"]
[Black "Zhao Xue"]
[Result "0-1"]
[WhiteElo "2379"]
[BlackElo "2506"]
[PlyCount "78"]
[EventDate "2016.01.26"]
[EventType "swiss"]
[EventRounds "10"]
[EventCountry "GGB"]
[Source "www.saund.co.uk"]
[SourceDate "2005.02.07"]

1. e4 e5 2. Nf3 Nc6 3. Bc4 Bc5 4. d3 Nf6 5. O-O d6 6. c3 Bb6 7. h3 Ne7 8. Re1
Ng6 9. Nbd2 O-O 10. Nf1 Be6 11. Bxe6 fxe6 12. Be3 Nh5 13. d4 exd4 14. cxd4 Nhf4
15. Kh2 d5 16. e5 Nh4 17. Nxh4 Qxh4 18. Ng3 Rf7 19. Rc1 Raf8 20. Rc2 h5 21. b4
c6 22. Rg1 g5 23. Ne2 Nxe2 24. Rxe2 g4 25. Qd3 Rg7 26. Bh6 Rf3 27. Re3 Qxf2 28.
Kh1 Rxe3 29. Qxe3 Qxe3 30. Bxe3 gxh3 31. gxh3 Rxg1+ 32. Kxg1 Kf7 33. Kg2 Kg6
34. Kf3 Kf5 35. a3 a5 36. Bf2 Bd8 37. Be1 a4 38. Bc3 Bg5 39. Bb2 Bf4 0-1

[Event "Tradewise Gibraltar Masters 14th"]
[Site "Gibraltar"]
[Date "2016.02.02"]
[Round "8.46"]
[White "Herman, Matthew J"]
[Black "Khotenashvili, Bela"]
[Result "1/2-1/2"]
[WhiteElo "2370"]
[BlackElo "2502"]
[PlyCount "93"]
[EventDate "2016.01.26"]
[EventType "swiss"]
[EventRounds "10"]
[EventCountry "GGB"]
[Source "www.saund.co.uk"]
[SourceDate "2005.02.07"]

1. e4 e5 2. Nf3 Nc6 3. Bc4 Nf6 4. d3 Bc5 5. c3 d6 6. Bb3 h6 7. h3 a6 8. Nbd2
O-O 9. g4 Be6 10. Bc2 Nh7 11. Nf1 d5 12. Bd2 b5 13. Ng3 a5 14. Nf5 a4 15. a3
Re8 16. Kf1 dxe4 17. dxe4 Na5 18. Kg2 Bb3 19. Rc1 Nf6 20. Re1 Qd7 21. Bxb3 Nxb3
22. Rc2 Rad8 23. c4 b4 24. axb4 Bxb4 25. Re2 Bxd2 26. Rcxd2 Nxd2 27. Rxd2 Qxd2
28. Nxd2 Nxe4 29. Qxa4 Nxd2 30. Qc6 Rb8 31. b4 Nb3 32. b5 Nd4 33. Qxc7 Nxf5 34.
gxf5 Rbc8 35. Qd7 Red8 36. Qe7 Rd4 37. c5 Rd5 38. b6 Rcxc5 39. b7 Rb5 40. Qe8+
Kh7 41. Qxf7 Rd6 42. Qf8 Rdb6 43. f6 gxf6 44. Qf7+ Kh8 45. Qf8+ Kh7 46. Qf7+
Kh8 47. Qf8+ 1/2-1/2

[Event "Tradewise Gibraltar Masters 14th"]
[Site "Gibraltar"]
[Date "2016.02.02"]
[Round "8.47"]
[White "Goryachkina, Aleksandra"]
[Black "Quillan, Gary"]
[Result "1-0"]
[WhiteElo "2502"]
[BlackElo "2369"]
[PlyCount "67"]
[EventDate "2016.01.26"]
[EventType "swiss"]
[EventRounds "10"]
[EventCountry "GGB"]
[Source "www.saund.co.uk"]
[SourceDate "2005.02.07"]

1. d4 Nf6 2. c4 e6 3. Nf3 c5 4. d5 exd5 5. cxd5 d6 6. Nc3 g6 7. Bf4 a6 8. a4
Bg7 9. h3 O-O 10. e3 Qe7 11. Be2 Ne8 12. O-O f5 13. Re1 h6 14. Nd2 Nd7 15. Qc2
Ne5 16. Bh2 g5 17. f4 Nf7 18. Bd3 gxf4 19. exf4 Bd4+ 20. Kh1 Qf6 21. Nc4 Rb8
22. a5 Nc7 23. Nb6 Nh8 24. Ra3 Ng6 25. Rb3 Ne7 26. Bc4 Kh8 27. Ne2 Rf7 28. Rd1
Ng6 29. Nxd4 cxd4 30. Bd3 Na8 31. Nxc8 Rc7 32. Qb1 Rbxc8 33. Bxf5 Rg8 34. Bg1
1-0